The making of China's foreign policy in the 21st century : (Record no. 591492)
[ view plain ]
| 000 -LEADER | |
|---|---|
| fixed length control field | 00396nam a22001097a 4500 |
| 020 ## - INTERNATIONAL STANDARD BOOK NUMBER | |
| International Standard Book Number | 9781138954830 |
| 082 ## - DEWEY DECIMAL CLASSIFICATION NUMBER | |
| Classification number | 327.5 |
| Author Mark | MAK |
| 245 ## - TITLE STATEMENT | |
| Title | The making of China's foreign policy in the 21st century : |
| Remainder of title | historical sources, institutions/players, and perceptions of power relations / |
| Statement of responsibility, etc. | Edited by Suisheng Zhao |
| 260 ## - PUBLICATION, DISTRIBUTION, ETC. | |
| Place of publication, distribution, etc. | London : |
| Name of publisher, distributor, etc. | Routledge, |
| Date of publication, distribution, etc. | 2016. |
| 300 ## - PHYSICAL DESCRIPTION | |
| Extent | 320 p. ; |
| Dimensions | 25 cm. |
| 942 ## - ADDED ENTRY ELEMENTS (KOHA) | |
| Source of classification or shelving scheme | |
| Koha item type | Book |
| Withdrawn status | Lost status | Source of classification or shelving scheme | Damaged status | Not for loan | Permanent Location | Current Location | Shelving location | Date acquired | Source of acquisition | Total Checkouts | Full call number | Barcode | Date last seen | Price effective from | Koha item type |
|---|---|---|---|---|---|---|---|---|---|---|---|---|---|---|---|
| Central Library (CL) | Central Library (CL) | Chinese Studies | 10/05/2022 | Donated by China Embassy | 327.5 MAK | CL-D-1952 | 10/05/2022 | 10/05/2022 | Book |
